| 000 | 01253cam a22003618a 4500 | ||
|---|---|---|---|
| 001 | 825759 | ||
| 005 | 20150722120002.0 | ||
| 008 | 900405s1989 nyuab b 000 0 eng | ||
| 010 | _a 89022182 | ||
| 020 |
_a0810917947 : _c$68.00 |
||
| 035 | _a(OCoLC)20217600 | ||
| 035 | _a(OCoLC)ocm20217600 | ||
| 035 | _a(CStRLIN)NYCG90-B22363 | ||
| 035 | _a(NNC)825759 | ||
| 040 | _dCSt | ||
| 043 | _af-nr--- | ||
| 050 | 0 | _aL NX 589.6.N5 Y65 | |
| 082 | 0 |
_a730/.089/96333 _220 |
|
| 090 |
_aN7399.N52 _bY68 1989 |
||
| 100 | 1 |
_aDrewal, Henry John. _918494 |
|
| 245 | 1 | 0 |
_aYoruba : _bnine centuries of African art and thought / _cHenry John Drewal and John Pemberton, 3rd with Rowland Abiodun ; edited by Allen Wardwell. |
| 260 |
_aNew York : _bCenter for African Art in Association with H.N. Abrams, _cc1989. |
||
| 300 |
_a256 p. : _bill. (some col.), maps ; _c31 cm. |
||
| 504 | _aIncludes bibliographical references (p. 250-254). | ||
| 650 | 0 |
_aArt, Yoruba. _918495 |
|
| 650 | 0 |
_aArt and religion _zNigeria. _918496 |
|
| 650 | 0 |
_aYoruba (African people) _xReligion. _918497 |
|
| 700 | 1 |
_aPemberton, John, _d1928- _918498 |
|
| 700 | 1 |
_aAbiodun, Rowland. _918499 |
|
| 700 | 1 |
_aWardwell, Allen. _918500 |
|
| 942 |
_2lcc _cMONOGRAPH |
||
| 999 |
_c123029 _d123029 |
||